Výdavky štátneho rozpočtu na poľnohospodárstvo v Moldavsku bakalárska práca

Salvato in:
Dettagli Bibliografici
Autore principale: Patras, Ecaterina
Ente Autore: Národohospodárska fakulta EU. Katedra financií
Altri autori: Beličková, Kornélia, 1966-
Natura: Libro
Lingua:slovacco
Pubblicazione: Bratislava 2020
Tags: Aggiungi Tag
Nessun Tag, puoi essere il primo ad aggiungerne!!

MARC

LEADER 00000nbm a2200000 4500
001 0265631
005 20200925132748.6
041 0 |a slo 
044 |a SK 
245 1 0 |a Výdavky štátneho rozpočtu na poľnohospodárstvo v Moldavsku  |b bakalárska práca  |c Ecaterina Patras ; školiteľ: Kornélia Beličková 
264 1 |a Bratislava  |c 2020 
300 |a 38 s. 
100 1 |a Patras, Ecaterina 
700 1 |a Beličková, Kornélia, 1966- 
710 2 |a Národohospodárska fakulta EU. Katedra financií